1654 1380 1463 1705 1312 1668 1193 1460 1341 1817 1733 1689 1885 1473 1664 1686 1753 1562 1135 1674 1370 1942 1543 1119 1542 1199 1192 1662 1689 1665 1446 1670 1417 1415 1499 1000 1432 1433 1343 1859 1489 1160 1947 1759 1958 1989 1775 1602 1891 1745 1107 1258 1688 1514 1245 1917 1431 1415 1899 1013 1598 1259 1661 1565 1880 1940 1055 1526 1891 1775 1413 1869 1768 1222 1459 1522 1237 1429 1643 1449 1303 1509 1587 1101 1074 1612 1567 1331 1765 1001 1789 1280 1305 1924 1703 1470 1762 1365 1013 BCNSPRNW ULIB Ver.6.0+V

เปลี่ยนเป็นภาษาไทย

Change to English
 แสดงรายละเอียดบรรณานุกรม
  กลับหน้าหลัก

Brief Record : Get Marc (ISO 2709) : E-mail record : QR code < ปิดหน้าต่าง
LEADER : 00000nam 2200000uu 4500
001    13399120557
003     ULIB
008    120927s2548||||th 000 0 tha d
020    ^a9741335121
020    ^a9789741335121
060 04 ^aWY105^bกร446 2548
245 00 ^aการจัดการทางการพยาบาลสู่การเรียนรู้ /^cเพ็ญจันทร์แสนประสาน ... [และคนอื่นๆ]
250    ^aพิมพ์ครั้งที่ 1
260    ^aกรุงเทพฯ :^bฝ่ายการพยาบาล โรงพยาบาลจุฬาลงกรณ์,^c2548
300    ^aก-ข, 356 หน้า :^bภาพประกอบ ;^c26 ซม.
650  7 ^aการพยาบาล^xการบริหาร
700 0  ^aเพ็ญจันทร์ แสนประสาน
710 2  ^aโรงพยาบาลจุฬาลงกรณ์. ^bฝ่ายการพยาบาล
945    ^p250^l0^i24061
945    ^p250^l0^i14552
945    ^p250^l0^i24613
995    ^aวิภา
999 ^a ใช้งานได้ทุกระบบ
รายการนี้ยังไม่มีแท็ก
คุณยังไม่ได้ล็อกอิน คุณสามารถมีกิจกรรมร่วมกับเว็บไซต์ได้ แต่ต้องล็อกอินก่อน ::
  ล็อกอิน

รายการสื่อสารสนเทศ

ลำดับที่ ประเภท เลขเรียก/บาร์โค้ด สถานที่ สถานะ
1. Book การพยาบาล
Book การพยาบาล
WY105 กร446 2548  
  Barcode: 24061
ห้องสมุดวิทยาเขตนครสวรรค์
►หนังสือทั่วไป:l:General Books
ถูกยืม กำหนดส่งวันที่ 15 พฤษภาคม 2558
  จอง
2. Book การพยาบาล
Book การพยาบาล
สถานะ=หนังสือเก่า
WY105 กร446 2548  
  Barcode: 24613
ห้องสมุดวิทยาเขตนครสวรรค์
►หนังสือทั่วไป:l:General Books
บนชั้น
3. Book การพยาบาล
Book การพยาบาล
สถานะ=หนังสือเก่า
WY105 กร446 2548 ฉ.2 
  Barcode: 14552
ห้องสมุดวิทยาเขตนครสวรรค์
►หนังสือทั่วไป:l:General Books
บนชั้น

BibComment


ยังไม่เคยถูกคอมเมนท์

คอมเมนท์ทรัพยากรรายการนี้
  คอมเมนท์: การจัดการทางการพ..


 Copyright 2026. Bcnsprnw @Library